000 00572nam a2200217Ia 4500
003 OSt
005 20220928140454.0
006 a|||||r|||| 00| 0
007 ta
008 220927b |||||||| |||| 00| 0 eng d
024 _a8599
037 _cAnnuals, Advances
040 _aSDCL
_cSDCL
_beng
041 _2eng
_aeng
082 _aX:76.2'P, P3
100 _aSengupta Keya
_9495320
245 0 _aPrice formation process in the Indian economy
260 _c2003
942 _hX:76.2'P, P3
_cREF
_2CC
999 _c811496
_d811496